000 00452nam a22001810a 4500
001 PT33811
003 AR-LpoUNG
005 20210131230133.0
008 191001suuuu||||xxu|||||||||||||||||spa d
040 _aAR-LpoUNG
_bspa
_cAR-LpoUNG
_eaacr
041 _aspa
082 0 _a982.224 473his
100 1 _aAlvarez, Juan
245 1 0 _aHistoria de Rosario :
_b1689-1939
260 _as.l.
_bMunicipalidad de Rosario,
_cs.f.
905 _a33811
942 _cLIB
999 _c1642
_d1642